| 000 | 00621nam a2200217 i 4500 | ||
|---|---|---|---|
| 001 | 77963 | ||
| 003 | ES-MaACL | ||
| 005 | 20230906173458.0 | ||
| 007 | t| | ||
| 008 | 041116s1981 sp ||||1| spa d | ||
| 017 | _aB 31815-1981 | ||
| 020 | _a84-01-37098-1 | ||
| 080 | _a654.197(46)TVE(091) | ||
| 100 | 1 |
_aVila-San-Juan, José Luis. _9114735 |
|
| 245 | 1 | 3 |
_aLa "trastienda" de TVE / _cJuan Felipe Vila-San-Juan. |
| 250 | _a1ª ed. | ||
| 260 |
_aBarcelona : _bPlaza & Janés, _c1981. |
||
| 300 |
_a244 p. ; _c20 cm. |
||
| 650 | 1 | 4 |
_aTelevisión española- _vHistoria. _917452 |
| 852 |
_aES-MaACL _jE-10411 _bR.130867 |
||
| 999 |
_c77963 _d77963 |
||